[Event "DEM U14 2024"]
[Site "Willingen GER"]
[Date "2024.05.21"]
[Round "4"]
[White "Mukazhanov, Mansur"]
[Black "Yasmo, Daniil"]
[Result "0-1"]
[Termination "normal"]
[Board "9"]
[WhiteElo "1919"]
[BlackElo "2067"]
[WhiteClock "00:04:35"]
[BlackClock "00:05:14"]
[PlyCount "110"]
[WhiteFideId "13752324"]
[BlackFideId "14199165"]
[EventCountry "GER"]
[EventRounds "9"]
[EventType "swiss"]
[EventDate "2024.05.18"]

1. e4 {[%clk 01:30:57]} {[%emt 00:00:02]} c5 {[%clk 01:30:54]} {[%emt
00:00:07]} 2. Nf3 {[%clk 01:31:22]} {[%emt 00:00:04]} Nc6 {[%clk 01:31:21]}
{[%emt 00:00:04]} 3. d4 {[%clk 01:30:50]} {[%emt 00:01:02]} cxd4 {[%clk
01:31:46]} {[%emt 00:00:06]} 4. Nxd4 {[%clk 01:31:16]} {[%emt 00:00:04]} Nf6
{[%clk 01:32:11]} {[%emt 00:00:04]} 5. Nc3 {[%clk 01:31:33]} {[%emt 00:00:13]}
g6 {[%clk 01:32:37]} {[%emt 00:00:04]} 6. Nxc6 {[%clk 01:31:58]} {[%emt
00:00:05]} dxc6 {[%clk 01:32:58]} {[%emt 00:00:09]} 7. Qxd8+ {[%clk 01:32:23]}
{[%emt 00:00:06]} Kxd8 {[%clk 01:33:24]} {[%emt 00:00:04]} 8. Bc4 {[%clk
01:32:41]} {[%emt 00:00:12]} Ke8 {[%clk 01:33:46]} {[%emt 00:00:07]} 9. e5
{[%clk 01:32:50]} {[%emt 00:00:21]} Nd7 {[%clk 01:34:13]} {[%emt 00:00:03]} 10.
f4 {[%clk 01:33:03]} {[%emt 00:00:17]} f6 {[%clk 01:24:21]} {[%emt 00:10:22]}
11. O-O {[%clk 01:30:35]} {[%emt 00:02:58]} Bg7 {[%clk 01:22:08]} {[%emt
00:02:43]} 12. Be3 {[%clk 01:21:53]} {[%emt 00:09:11]} fxe5 {[%clk 01:17:35]}
{[%emt 00:05:03]} 13. Rae1 {[%clk 01:17:42]} {[%emt 00:04:41]} Rf8 {[%clk
01:12:07]} {[%emt 00:05:58]} 14. Ne4 {[%clk 01:16:10]} {[%emt 00:02:02]} Nb6
{[%clk 01:09:57]} {[%emt 00:02:41]} 15. Bb3 {[%clk 00:50:04]} {[%emt 00:26:35]}
Nd5 {[%clk 01:05:04]} {[%emt 00:05:23]} 16. Bd2 {[%clk 00:49:41]} {[%emt
00:00:53]} exf4 {[%clk 01:01:37]} {[%emt 00:03:58]} 17. Ng5 {[%clk 00:45:54]}
{[%emt 00:04:16]} Rf5 {[%clk 00:44:50]} {[%emt 00:17:17]} 18. Ne4 {[%clk
00:44:04]} {[%emt 00:02:20]} Bd4+ {[%clk 00:40:25]} {[%emt 00:04:55]} 19. Kh1
{[%clk 00:44:02]} {[%emt 00:00:32]} Ne3 {[%clk 00:40:10]} {[%emt 00:00:45]} 20.
Rf3 {[%clk 00:42:37]} {[%emt 00:01:55]} g5 {[%clk 00:38:52]} {[%emt 00:01:49]}
21. c3 {[%clk 00:41:20]} {[%emt 00:01:46]} Bb6 {[%clk 00:36:35]} {[%emt
00:02:47]} 22. Bg8 {[%clk 00:34:21]} {[%emt 00:07:29]} h6 {[%clk 00:26:00]}
{[%emt 00:11:05]} 23. Bh7 {[%clk 00:31:41]} {[%emt 00:03:10]} Re5 {[%clk
00:25:01]} {[%emt 00:01:29]} 24. Bg6+ {[%clk 00:31:57]} {[%emt 00:00:14]} Kd8
{[%clk 00:25:03]} {[%emt 00:00:27]} 25. c4 {[%clk 00:31:39]} {[%emt 00:00:49]}
Bg4 {[%clk 00:22:13]} {[%emt 00:03:19]} 26. Bxe3 {[%clk 00:23:40]} {[%emt
00:08:30]} Bxe3 {[%clk 00:21:45]} {[%emt 00:00:58]} 27. Rexe3 {[%clk 00:22:59]}
{[%emt 00:01:11]} fxe3 {[%clk 00:21:53]} {[%emt 00:00:22]} 28. Rxe3 {[%clk
00:22:29]} {[%emt 00:01:01]} Bf5 {[%clk 00:21:13]} {[%emt 00:01:09]} 29. Bxf5
{[%clk 00:22:34]} {[%emt 00:00:24]} Rxf5 {[%clk 00:21:38]} {[%emt 00:00:06]}
30. Ng3 {[%clk 00:22:59]} {[%emt 00:00:05]} Rf2 {[%clk 00:21:35]} {[%emt
00:00:32]} 31. h3 {[%clk 00:22:35]} {[%emt 00:00:54]} Rxb2 {[%clk 00:18:44]}
{[%emt 00:03:21]} 32. Nf5 {[%clk 00:22:56]} {[%emt 00:00:09]} Rc8 {[%clk
00:17:37]} {[%emt 00:01:38]} 33. Nxh6 {[%clk 00:22:46]} {[%emt 00:00:40]} Kd7
{[%clk 00:16:08]} {[%emt 00:01:59]} 34. Nf5 {[%clk 00:21:47]} {[%emt 00:01:29]}
e6 {[%clk 00:14:11]} {[%emt 00:02:27]} 35. Ng7 {[%clk 00:21:15]} {[%emt
00:01:01]} Rxa2 {[%clk 00:12:46]} {[%emt 00:01:55]} 36. Nxe6 {[%clk 00:20:43]}
{[%emt 00:01:03]} Ra5 {[%clk 00:12:50]} {[%emt 00:00:25]} 37. Nd4 {[%clk
00:20:33]} {[%emt 00:00:40]} Re8 {[%clk 00:12:40]} {[%emt 00:00:40]} 38. Rd3
{[%clk 00:20:43]} {[%emt 00:00:21]} Kc7 {[%clk 00:12:26]} {[%emt 00:00:44]} 39.
Rg3 {[%clk 00:19:21]} {[%emt 00:01:52]} Ree5 {[%clk 00:10:03]} {[%emt
00:02:53]} 40. Nf3 {[%clk 00:19:11]} {[%emt 00:00:39]} Rec5 {[%clk 00:09:16]}
{[%emt 00:01:17]} 41. Rg4 {[%clk 00:19:02]} {[%emt 00:00:40]} Kd7 {[%clk
00:09:04]} {[%emt 00:00:42]} 42. Nd2 {[%clk 00:19:04]} {[%emt 00:00:27]} Ra4
{[%clk 00:07:51]} {[%emt 00:01:44]} 43. Kg1 {[%clk 00:19:13]} {[%emt 00:00:21]}
b5 {[%clk 00:07:39]} {[%emt 00:00:42]} 44. Kf2 {[%clk 00:13:53]} {[%emt
00:05:50]} b4 {[%clk 00:06:35]} {[%emt 00:01:34]} 45. Rd4+ {[%clk 00:13:42]}
{[%emt 00:00:41]} Ke6 {[%clk 00:06:04]} {[%emt 00:01:01]} 46. Nb3 {[%clk
00:12:28]} {[%emt 00:01:43]} Re5 {[%clk 00:05:30]} {[%emt 00:01:04]} 47. c5
{[%clk 00:12:13]} {[%emt 00:00:45]} Ra2+ {[%clk 00:05:08]} {[%emt 00:00:53]}
48. Kf3 {[%clk 00:09:24]} {[%emt 00:03:19]} a5 {[%clk 00:04:30]} {[%emt
00:01:07]} 49. Rd6+ {[%clk 00:09:12]} {[%emt 00:00:42]} Ke7 {[%clk 00:04:34]}
{[%emt 00:00:27]} 50. Nd4 {[%clk 00:07:35]} {[%emt 00:02:07]} Rxc5 {[%clk
00:04:37]} {[%emt 00:00:27]} 51. Rh6 {[%clk 00:07:44]} {[%emt 00:00:21]} b3
{[%clk 00:04:26]} {[%emt 00:00:40]} 52. Ke4 {[%clk 00:06:01]} {[%emt 00:02:14]}
b2 {[%clk 00:04:39]} {[%emt 00:00:17]} 53. Rh7+ {[%clk 00:06:26]} {[%emt
00:00:05]} Ke8 {[%clk 00:04:40]} {[%emt 00:00:28]} 54. Rh8+ {[%clk 00:06:07]}
{[%emt 00:00:50]} Kd7 {[%clk 00:04:55]} {[%emt 00:00:13]} 55. Rb8 {[%clk
00:04:35]} {[%emt 00:02:03]} Rb5 {[%clk 00:05:14]} {[%emt 00:00:11]} 0-1

[Event "DEM U14 2024"]
[Site "Willingen GER"]
[Date "2024.05.21"]
[Round "4"]
[White "Geist, Tim"]
[Black "Uyar, Levin"]
[Result "1-0"]
[Termination "normal"]
[Board "10"]
[WhiteElo "2007"]
[BlackElo "1868"]
[WhiteClock "01:00:23"]
[BlackClock "00:01:08"]
[PlyCount "85"]
[WhiteFideId "34604324"]
[BlackFideId "16282108"]
[EventCountry "GER"]
[EventRounds "9"]
[EventType "swiss"]
[EventDate "2024.05.18"]

1. e4 {[%clk 01:30:44]} {[%emt 00:00:14]} e5 {[%clk 01:30:53]} {[%emt
00:00:08]} 2. Nf3 {[%clk 01:30:54]} {[%emt 00:00:20]} Nc6 {[%clk 01:31:17]}
{[%emt 00:00:07]} 3. d4 {[%clk 01:31:12]} {[%emt 00:00:12]} exd4 {[%clk
01:31:40]} {[%emt 00:00:07]} 4. Bc4 {[%clk 01:31:37]} {[%emt 00:00:04]} Nf6
{[%clk 01:31:59]} {[%emt 00:00:11]} 5. O-O {[%clk 01:31:48]} {[%emt 00:00:18]}
Nxe4 {[%clk 01:32:18]} {[%emt 00:00:12]} 6. Re1 {[%clk 01:32:10]} {[%emt
00:00:08]} d5 {[%clk 01:32:41]} {[%emt 00:00:06]} 7. Bxd5 {[%clk 01:32:37]}
{[%emt 00:00:04]} Qxd5 {[%clk 01:33:02]} {[%emt 00:00:10]} 8. Nc3 {[%clk
01:33:04]} {[%emt 00:00:03]} Qd7 {[%clk 01:33:24]} {[%emt 00:00:07]} 9. Nxe4
{[%clk 01:33:28]} {[%emt 00:00:06]} Be7 {[%clk 01:33:48]} {[%emt 00:00:07]} 10.
Bg5 {[%clk 01:33:44]} {[%emt 00:00:13]} O-O {[%clk 01:34:07]} {[%emt 00:00:11]}
11. Bxe7 {[%clk 01:34:05]} {[%emt 00:00:09]} Qxe7 {[%clk 01:34:29]} {[%emt
00:00:09]} 12. Nxd4 {[%clk 01:34:24]} {[%emt 00:00:11]} Bd7 {[%clk 01:34:52]}
{[%emt 00:00:07]} 13. Nb3 {[%clk 01:34:47]} {[%emt 00:00:06]} Rae8 {[%clk
00:59:52]} {[%emt 00:35:30]} 14. Re3 {[%clk 01:30:42]} {[%emt 00:04:34]} Qd8
{[%clk 00:53:41]} {[%emt 00:06:41]} 15. Nbc5 {[%clk 01:22:15]} {[%emt
00:08:57]} Bf5 {[%clk 00:49:02]} {[%emt 00:05:09]} 16. Qxd8 {[%clk 01:22:10]}
{[%emt 00:00:37]} Nxd8 {[%clk 00:45:18]} {[%emt 00:04:12]} 17. Rae1 {[%clk
01:22:13]} {[%emt 00:00:27]} Bxe4 {[%clk 00:44:03]} {[%emt 00:01:46]} 18. Rxe4
{[%clk 01:20:18]} {[%emt 00:02:25]} Rxe4 {[%clk 00:34:12]} {[%emt 00:10:21]}
19. Rxe4 {[%clk 01:20:47]} {[%emt 00:00:02]} Ne6 {[%clk 00:34:17]} {[%emt
00:00:24]} 20. Nxe6 {[%clk 01:20:05]} {[%emt 00:01:12]} fxe6 {[%clk 00:34:46]}
{[%emt 00:00:02]} 21. Rxe6 {[%clk 01:19:31]} {[%emt 00:01:03]} Rd8 {[%clk
00:34:42]} {[%emt 00:00:34]} 22. Kf1 {[%clk 01:17:42]} {[%emt 00:02:19]} Kf7
{[%clk 00:32:29]} {[%emt 00:02:43]} 23. Re3 {[%clk 01:18:02]} {[%emt 00:00:09]}
Rd6 {[%clk 00:31:21]} {[%emt 00:01:39]} 24. Ke2 {[%clk 01:17:55]} {[%emt
00:00:37]} c6 {[%clk 00:29:45]} {[%emt 00:02:06]} 25. c4 {[%clk 01:14:28]}
{[%emt 00:03:57]} b6 {[%clk 00:28:03]} {[%emt 00:02:11]} 26. h3 {[%clk
01:13:09]} {[%emt 00:01:49]} g5 {[%clk 00:24:29]} {[%emt 00:04:04]} 27. Ra3
{[%clk 01:13:02]} {[%emt 00:00:37]} a5 {[%clk 00:23:08]} {[%emt 00:01:52]} 28.
c5 {[%clk 01:12:15]} {[%emt 00:01:17]} Re6+ {[%clk 00:20:35]} {[%emt 00:03:03]}
29. Kf3 {[%clk 01:10:37]} {[%emt 00:02:07]} bxc5 {[%clk 00:20:04]} {[%emt
00:01:02]} 30. Rxa5 {[%clk 01:10:49]} {[%emt 00:00:19]} Rd6 {[%clk 00:16:53]}
{[%emt 00:03:40]} 31. Rxc5 {[%clk 01:10:30]} {[%emt 00:00:50]} Rd2 {[%clk
00:17:10]} {[%emt 00:00:12]} 32. Rxc6 {[%clk 01:10:39]} {[%emt 00:00:21]} Rxb2
{[%clk 00:17:34]} {[%emt 00:00:07]} 33. Ra6 {[%clk 01:09:29]} {[%emt 00:01:39]}
h5 {[%clk 00:17:17]} {[%emt 00:00:47]} 34. Ke3 {[%clk 01:07:26]} {[%emt
00:02:33]} h4 {[%clk 00:15:52]} {[%emt 00:01:55]} 35. a4 {[%clk 01:06:41]}
{[%emt 00:01:15]} Rb3+ {[%clk 00:12:21]} {[%emt 00:04:00]} 36. Ke4 {[%clk
01:06:45]} {[%emt 00:00:27]} Rb2 {[%clk 00:12:18]} {[%emt 00:00:33]} 37. Kf3
{[%clk 01:07:05]} {[%emt 00:00:10]} Rb4 {[%clk 00:06:37]} {[%emt 00:06:11]} 38.
g3 {[%clk 01:02:14]} {[%emt 00:05:20]} Rb3+ {[%clk 00:06:36]} {[%emt 00:00:32]}
39. Kg4 {[%clk 01:01:04]} {[%emt 00:01:40]} hxg3 {[%clk 00:05:27]} {[%emt
00:01:39]} 40. fxg3 {[%clk 01:00:52]} {[%emt 00:00:41]} Rc3 {[%clk 00:00:52]}
{[%emt 00:05:06]} 41. Ra5 {[%clk 01:00:39]} {[%emt 00:00:42]} Kf6 {[%clk
00:00:53]} {[%emt 00:00:29]} 42. Rf5+ {[%clk 01:00:50]} {[%emt 00:00:19]} Ke6
{[%clk 00:01:08]} {[%emt 00:00:16]} 43. a5 {[%clk 01:00:23]} {[%emt 00:00:56]}
1-0

[Event "DEM U14 2024"]
[Site "Willingen GER"]
[Date "2024.05.21"]
[Round "4"]
[White "Mündörfer, Sebastian"]
[Black "Burkart, Lloyd Shang"]
[Result "1/2-1/2"]
[Termination "normal"]
[Board "11"]
[WhiteElo "1914"]
[BlackElo "2168"]
[WhiteClock "00:04:56"]
[BlackClock "00:00:37"]
[PlyCount "81"]
[WhiteFideId "34604367"]
[BlackFideId "16239059"]
[EventCountry "GER"]
[EventRounds "9"]
[EventType "swiss"]
[EventDate "2024.05.18"]

1. d4 {[%clk 01:30:57]} {[%emt 00:00:02]} Nf6 {[%clk 01:30:46]} {[%emt
00:00:15]} 2. c4 {[%clk 01:31:15]} {[%emt 00:00:11]} e6 {[%clk 01:31:10]}
{[%emt 00:00:06]} 3. Nc3 {[%clk 01:30:50]} {[%emt 00:00:55]} Bb4 {[%clk
01:30:58]} {[%emt 00:00:43]} 4. Qc2 {[%clk 01:31:02]} {[%emt 00:00:17]} c5
{[%clk 01:26:06]} {[%emt 00:05:22]} 5. dxc5 {[%clk 01:30:11]} {[%emt 00:01:21]}
O-O {[%clk 01:26:00]} {[%emt 00:00:37]} 6. a3 {[%clk 01:28:25]} {[%emt
00:02:16]} Bxc5 {[%clk 01:24:31]} {[%emt 00:01:58]} 7. Bg5 {[%clk 01:28:18]}
{[%emt 00:00:36]} Bxf2+ {[%clk 01:24:08]} {[%emt 00:00:55]} 8. Kxf2 {[%clk
01:28:19]} {[%emt 00:00:29]} Ng4+ {[%clk 01:24:29]} {[%emt 00:00:09]} 9. Ke1
{[%clk 01:28:28]} {[%emt 00:00:20]} Qxg5 {[%clk 01:24:47]} {[%emt 00:00:12]}
10. Nf3 {[%clk 01:26:42]} {[%emt 00:02:17]} Qe7 {[%clk 01:13:51]} {[%emt
00:11:25]} 11. e4 {[%clk 01:19:45]} {[%emt 00:07:28]} Ne3 {[%clk 01:03:48]}
{[%emt 00:10:33]} 12. Qd3 {[%clk 01:16:58]} {[%emt 00:03:14]} Nxf1 {[%clk
01:03:11]} {[%emt 00:01:09]} 13. Rxf1 {[%clk 01:17:12]} {[%emt 00:00:16]} Nc6
{[%clk 00:51:59]} {[%emt 00:11:42]} 14. Nb5 {[%clk 01:12:59]} {[%emt 00:04:43]}
d5 {[%clk 00:50:50]} {[%emt 00:01:39]} 15. cxd5 {[%clk 01:06:15]} {[%emt
00:07:14]} exd5 {[%clk 00:50:43]} {[%emt 00:00:38]} 16. Qxd5 {[%clk 01:03:47]}
{[%emt 00:02:57]} Be6 {[%clk 00:50:01]} {[%emt 00:01:11]} 17. Qd3 {[%clk
01:02:31]} {[%emt 00:01:47]} Rfd8 {[%clk 00:48:03]} {[%emt 00:02:28]} 18. Qe2
{[%clk 00:56:17]} {[%emt 00:06:44]} Na5 {[%clk 00:42:43]} {[%emt 00:05:50]} 19.
Rc1 {[%clk 00:49:21]} {[%emt 00:07:26]} Rac8 {[%clk 00:42:05]} {[%emt
00:01:08]} 20. Rxc8 {[%clk 00:49:12]} {[%emt 00:00:39]} Rxc8 {[%clk 00:42:30]}
{[%emt 00:00:05]} 21. Nbd4 {[%clk 00:16:21]} {[%emt 00:33:21]} Bc4 {[%clk
00:38:48]} {[%emt 00:04:11]} 22. Qc2 {[%clk 00:15:20]} {[%emt 00:01:32]} Re8
{[%clk 00:36:44]} {[%emt 00:02:34]} 23. Rf2 {[%clk 00:13:55]} {[%emt 00:01:55]}
Qxe4+ {[%clk 00:36:16]} {[%emt 00:00:57]} 24. Qxe4 {[%clk 00:14:02]} {[%emt
00:00:24]} Rxe4+ {[%clk 00:36:41]} {[%emt 00:00:05]} 25. Kd1 {[%clk 00:14:01]}
{[%emt 00:00:30]} Nc6 {[%clk 00:33:11]} {[%emt 00:04:00]} 26. Nf5 {[%clk
00:12:59]} {[%emt 00:01:33]} Bb3+ {[%clk 00:23:56]} {[%emt 00:09:45]} 27. Kd2
{[%clk 00:08:58]} {[%emt 00:04:31]} Re8 {[%clk 00:21:57]} {[%emt 00:02:29]} 28.
Kc3 {[%clk 00:08:36]} {[%emt 00:00:53]} Bd5 {[%clk 00:18:27]} {[%emt 00:03:59]}
29. b4 {[%clk 00:06:11]} {[%emt 00:02:56]} Bxf3 {[%clk 00:14:20]} {[%emt
00:04:36]} 30. Rxf3 {[%clk 00:06:29]} {[%emt 00:00:12]} Rd8 {[%clk 00:12:51]}
{[%emt 00:01:58]} 31. Re3 {[%clk 00:04:54]} {[%emt 00:02:05]} g6 {[%clk
00:12:00]} {[%emt 00:01:22]} 32. Ne7+ {[%clk 00:04:03]} {[%emt 00:01:21]} Kf8
{[%clk 00:12:04]} {[%emt 00:00:25]} 33. Nxc6 {[%clk 00:04:20]} {[%emt
00:00:14]} bxc6 {[%clk 00:12:31]} {[%emt 00:00:03]} 34. Kc4 {[%clk 00:04:06]}
{[%emt 00:00:45]} Rd5 {[%clk 00:09:28]} {[%emt 00:03:32]} 35. a4 {[%clk
00:03:57]} {[%emt 00:00:39]} a6 {[%clk 00:08:02]} {[%emt 00:01:56]} 36. g4
{[%clk 00:04:02]} {[%emt 00:00:25]} h5 {[%clk 00:06:54]} {[%emt 00:01:39]} 37.
h3 {[%clk 00:03:55]} {[%emt 00:00:37]} hxg4 {[%clk 00:06:24]} {[%emt 00:00:59]}
38. hxg4 {[%clk 00:04:21]} {[%emt 00:00:04]} Rg5 {[%clk 00:03:53]} {[%emt
00:03:00]} 39. Re4 {[%clk 00:04:48]} {[%emt 00:00:04]} Kg7 {[%clk 00:03:37]}
{[%emt 00:00:46]} 40. Rd4 {[%clk 00:05:00]} {[%emt 00:00:18]} Kf8 {[%clk
00:00:37]} {[%emt 00:03:29]} 41. Re4 {[%clk 00:04:56]} {[%emt 00:00:34]}
1/2-1/2

[Event "DEM U14 2024"]
[Site "Willingen GER"]
[Date "2024.05.21"]
[Round "4"]
[White "Nuñez Grégoire, Daniel"]
[Black "Goldkuhle, Collin"]
[Result "1-0"]
[Termination "normal"]
[Board "12"]
[WhiteElo "1961"]
[BlackElo "1909"]
[WhiteClock "00:27:50"]
[BlackClock "00:52:33"]
[PlyCount "80"]
[WhiteFideId "34627103"]
[BlackFideId "16271106"]
[EventCountry "GER"]
[EventRounds "9"]
[EventType "swiss"]
[EventDate "2024.05.18"]

1. c4 {[%clk 01:30:57]} {[%emt 00:00:02]} c5 {[%clk 01:30:49]} {[%emt
00:00:11]} 2. Nf3 {[%clk 01:31:24]} {[%emt 00:00:04]} Nc6 {[%clk 01:31:02]}
{[%emt 00:00:17]} 3. d4 {[%clk 01:31:49]} {[%emt 00:00:04]} cxd4 {[%clk
01:29:51]} {[%emt 00:01:42]} 4. Nxd4 {[%clk 01:32:17]} {[%emt 00:00:01]} d5
{[%clk 01:26:40]} {[%emt 00:03:41]} 5. cxd5 {[%clk 01:23:44]} {[%emt 00:09:03]}
Qxd5 {[%clk 01:27:03]} {[%emt 00:00:07]} 6. Nxc6 {[%clk 01:23:46]} {[%emt
00:00:29]} Qxd1+ {[%clk 01:26:34]} {[%emt 00:00:59]} 7. Kxd1 {[%clk 01:24:14]}
{[%emt 00:00:02]} bxc6 {[%clk 01:26:56]} {[%emt 00:00:09]} 8. Nc3 {[%clk
01:23:39]} {[%emt 00:01:04]} g6 {[%clk 01:26:47]} {[%emt 00:00:39]} 9. e3
{[%clk 01:21:16]} {[%emt 00:02:53]} Bg7 {[%clk 01:26:56]} {[%emt 00:00:20]} 10.
Bd2 {[%clk 01:20:21]} {[%emt 00:01:25]} Rb8 {[%clk 01:26:08]} {[%emt 00:01:18]}
11. b3 {[%clk 01:18:18]} {[%emt 00:02:33]} Bf5 {[%clk 01:25:29]} {[%emt
00:01:09]} 12. Bc4 {[%clk 01:13:43]} {[%emt 00:05:05]} Nf6 {[%clk 01:25:10]}
{[%emt 00:00:49]} 13. Rc1 {[%clk 01:12:48]} {[%emt 00:01:25]} O-O {[%clk
01:24:14]} {[%emt 00:01:26]} 14. Ke2 {[%clk 01:11:22]} {[%emt 00:01:56]} Rfd8
{[%clk 01:23:30]} {[%emt 00:01:14]} 15. f3 {[%clk 01:10:45]} {[%emt 00:01:07]}
Bc8 {[%clk 01:18:18]} {[%emt 00:05:42]} 16. Rhd1 {[%clk 01:04:59]} {[%emt
00:06:16]} Nd5 {[%clk 01:15:32]} {[%emt 00:03:16]} 17. Be1 {[%clk 01:03:30]}
{[%emt 00:01:58]} Be6 {[%clk 01:14:55]} {[%emt 00:01:08]} 18. Bd3 {[%clk
00:57:58]} {[%emt 00:06:03]} Nb4 {[%clk 01:10:06]} {[%emt 00:05:19]} 19. Bb1
{[%clk 00:56:44]} {[%emt 00:01:44]} Nd5 {[%clk 01:05:05]} {[%emt 00:05:31]} 20.
Na4 {[%clk 00:54:21]} {[%emt 00:02:53]} Rd6 {[%clk 01:03:55]} {[%emt 00:01:39]}
21. Bg3 {[%clk 00:46:54]} {[%emt 00:07:58]} Rbd8 {[%clk 00:59:29]} {[%emt
00:04:55]} 22. Bxd6 {[%clk 00:46:16]} {[%emt 00:01:09]} Rxd6 {[%clk 00:59:50]}
{[%emt 00:00:08]} 23. Be4 {[%clk 00:44:09]} {[%emt 00:02:37]} Bh6 {[%clk
00:58:51]} {[%emt 00:01:30]} 24. Bxd5 {[%clk 00:43:28]} {[%emt 00:01:10]} Bxd5
{[%clk 00:58:39]} {[%emt 00:00:43]} 25. Rc2 {[%clk 00:38:38]} {[%emt 00:05:20]}
Re6 {[%clk 00:56:14]} {[%emt 00:02:55]} 26. Rd3 {[%clk 00:38:20]} {[%emt
00:00:47]} Re5 {[%clk 00:55:33]} {[%emt 00:01:12]} 27. Kf2 {[%clk 00:36:40]}
{[%emt 00:02:10]} Rf5 {[%clk 00:55:39]} {[%emt 00:00:23]} 28. Re2 {[%clk
00:36:20]} {[%emt 00:00:50]} Rh5 {[%clk 00:55:23]} {[%emt 00:00:46]} 29. e4
{[%clk 00:35:35]} {[%emt 00:01:16]} Be6 {[%clk 00:55:40]} {[%emt 00:00:13]} 30.
h3 {[%clk 00:35:25]} {[%emt 00:00:39]} Ra5 {[%clk 00:55:42]} {[%emt 00:00:29]}
31. Rc3 {[%clk 00:34:45]} {[%emt 00:01:09]} c5 {[%clk 00:54:12]} {[%emt
00:02:00]} 32. Rxc5 {[%clk 00:34:02]} {[%emt 00:01:13]} Ra6 {[%clk 00:54:31]}
{[%emt 00:00:12]} 33. Rcc2 {[%clk 00:33:25]} {[%emt 00:01:06]} Rd6 {[%clk
00:53:56]} {[%emt 00:01:05]} 34. Nc5 {[%clk 00:31:52]} {[%emt 00:02:02]} Bc8
{[%clk 00:54:11]} {[%emt 00:00:16]} 35. Rc4 {[%clk 00:30:23]} {[%emt 00:01:59]}
Bg7 {[%clk 00:54:12]} {[%emt 00:00:30]} 36. Rec2 {[%clk 00:28:45]} {[%emt
00:02:07]} h6 {[%clk 00:53:57]} {[%emt 00:00:43]} 37. Ke2 {[%clk 00:28:05]}
{[%emt 00:01:12]} Rc6 {[%clk 00:54:01]} {[%emt 00:00:26]} 38. Nd3 {[%clk
00:27:55]} {[%emt 00:00:40]} Rxc4 {[%clk 00:54:05]} {[%emt 00:00:25]} 39. Rxc4
{[%clk 00:28:02]} {[%emt 00:00:24]} Ba6 {[%clk 00:54:26]} {[%emt 00:00:10]} 40.
Ra4 {[%clk 00:27:50]} {[%emt 00:00:42]} Bb5 {[%clk 00:52:33]} {[%emt 00:02:22]}
1-0